Statystyki dla Polscy medaliści olimpijscy

Kliknij tutaj aby rozwiązać quiz!

Ogólne statystyki

  • Ten quiz został rozwiązany 43 razy
  • Średni wynik to 5 z 28

Statystyki odpowiedzi

DyscyplinaRok i miejsceMedalMedalista% Poprawnych
Rzut młotem2016 Rio de JaneiroZłotyAnita Włodarczyk
76%
Chód na 20 km2000 SydneyZłotyRobert Korzeniowski
66%
Rzut dyskiem2016 Rio de JaneiroSrebrnyPiotr Małachowski
56%
Bieg na 10 000 m1932 Los AngelesZłotyJanusz Kusociński
44%
Skok o tyczce1980 MoskwaZłotyWładysław Kozakiewicz
44%
Bieg na 100 m1968 MeksykBrązowyIrena Szewińska
34%
Pchnięcie kulą1972 MonachiumZłotyWładysław Komar
32%
Podnoszenie ciężarów (waga lekka)1964 TokioZłotyWaldemar Baszanowski
27%
Bieg na 3000 m z przeszkodami1976 MontrealSrebrnyBronisław Malinowski
20%
Strzelectwo (karabinek pneumatyczny)2012 LondynSrebrnySylwia Bogacka
17%
Judo (waga lekkośrednia)1988 SeulZłotyWaldemar Legień
17%
Szermierka1956 MelbourneSrebrnyJerzy Pawłowski
10%
Trójskok1960 RzymZłotyJózef Szmidt
10%
Bieg na 400 m1964 TokioBrązowyAndrzej Badeński
7%
Skok w dal1956 MelbourneZłotyElżbieta Krzesińska
7%
Rzut dyskiem1932 Los AngelesBrązowyJadwiga Wajsówna
7%
Kolarstwo Torowe1924 ParyżSrebrnyJózef Lange
7%
Zapasy w stylu wolnym (kategoria 72 kg)2008 PekinBrązowyAgnieszka Wieszczek
5%
Dziesięciobój1972 MonachiumBrązowyRyszard Katus
5%
Boks (waga półśrednia)1952 HelsinkiZłotyZygmunt Chychła
5%
Boks (waga piurkowa)1948 LondynBrązowyAleksy Antkiewicz
2%
Boks (waga musza)1968 MeksykSrebrnyArtur Olech
2%
Zapasy w stylu klasycznym (waga półśrednia)1996 AtlantaBrązowyJózef Tracz
2%
Bieg na 5000 m1960 RzymBrązowyKazimierz Zimny
2%
Wioślarstwo (dwójka podwójna wagi lekkiej)2004 AtenyZłotyTomasz Kucharski i Robert Sycz
2%
Jeździectwo (WKKW drużynowo)1928 AmsterdamBrązowyJózef Trenkwald
0%
Boks (waga lekka)1960 RzymZłotyKazimierz Paździor
0%
Podnoszenie ciężarów (waga półciężka)1992 BarcelonaSrebrnyKrzysztof Siemion
0%

Rozkład punktacji

Percentyl według liczby udzielonych odpowiedzi

Procent ludzi z każdym wynikiem

Twoja historia wyników

Nie rozwiązałeś tego quizu